| 000 | 006190000a22002050004500 | ||
|---|---|---|---|
| 003 | LK-CoMWRAF | ||
| 008 | 230817t ||||| |||| 00| 0 eng d | ||
| 040 |
_aLK-CoMWRAF _dLK-CoMWRAF _eLK-CoMWRAF |
||
| 041 | _aeng | ||
| 082 |
_a261 _bZAR |
||
| 100 | _aZarook, Al-Alim A.R.M. | ||
| 245 |
_aMuslim Marriage Arrangements (in Sinhala) - (Muslim Vivaha Neethiya Pilibanda Viwaranayak) _b |
||
| 260 |
_bDepartment of Muslim Religious and Cultural Affairs _aSri Lanka (Colombo 02) _c1997 |
||
| 300 | _ap.52 | ||
| 650 | _aKaikuli | ||
| 650 | _aMahar | ||
| 650 | _aMuslim Personal Law | ||
| 650 | _aNafakkah | ||
| 942 | _cBK | ||
| 999 |
_c1899 _d1899 |
||